| 000 | 01075nac a22002771u 4500 | ||
|---|---|---|---|
| 010 | _a 2002014300 | ||
| 020 | _a1583919201 (alk. paper) | ||
| 035 | _a(OCoLC)ocm50604801 | ||
| 082 | 0 | 0 |
_a616.89152 _bSTA |
| 090 |
_c8482 _d8482 |
||
| 100 | _aStacey, Ralph D. | ||
| 245 | 1 | 0 |
_aComplexity and group processes : a radically social understanding of individuals / _ba radically social understanding of individuals / _cRalph D. Stacey. |
| 260 |
_aHove ; _aNew York : _bBrunner-Routledge,2003. _cc2003. |
||
| 300 |
_ax, 356 p. ; _c24 cm. |
||
| 500 | _aDistributer: Al-Ahram | ||
| 504 | _aIncludes bibliographical references (p. [332]-342) and index. | ||
| 511 | _aCatalogued by: Sara | ||
| 650 | 0 | _aGroup psychoanalysis. | |
| 650 | 0 | _aGroup Processes. | |
| 650 | 0 | _aInterpersonal Relations. | |
| 650 | 0 | _aPsychoanalytic Theory. | |
| 650 | 0 | _aPsychotherapy, Group. | |
| 650 | 0 | _aSystems Theory. | |
| 856 | 4 | 2 |
_3Publisher description _uhttp://www.loc.gov/catdir/enhancements/fy0653/2002014300-d.html |
| 942 |
_cBB _k616.89152STA |
||
| 999 |
_c8482 _d8482 |
||